| 000 | 01127nam0a22002891 4500 | ||
|---|---|---|---|
| 001 | rc\249852 | ||
| 005 | 20030307120727.8 | ||
| 010 |
_a5-265-01345-8 _915000 |
||
| 035 | _a(NLR Aleph) 005509469 | ||
| 090 |
_a5390989 _c5390989 |
||
| 100 | _a20030307d1990 u |0rusy50 ca | ||
| 101 | 0 | _arus | |
| 102 | _aRU | ||
| 105 | _ay ||||||||| | ||
| 200 | 1 |
_aПечаль моя светла _eПовести. Миниатюры _fЗиновий Пригорич _gПер. с белорус. авт. |
|
| 210 |
_aМ. _cСов. писатель _d1990 |
||
| 215 |
_a377, [2] с. _d20 |
||
| 327 | 1 | _aСодерж.: Повести: Ночь перед воскресением; Печаль моя светла...: Лирич. исповедь; Васильки: Миниатюры | |
| 464 | 0 | _12001#$aНочь перед воскресением | |
| 464 | 0 | _12001#$aПечаль моя светла... | |
| 464 | 0 | _12001#$aВасильки | |
| 700 | 1 |
_aПригодич _bЗ. К. _gЗиновий Кириллович |
|
| 801 | 0 |
_aRU _bNLR _gpsbo |
|
| 801 | 1 |
_aRU _bELAR _2rusmarc |
|
| 852 |
_aNLR _j90-3/9560 |
||
| 942 | _cBOOK | ||
| 980 | _aNB | ||